000 00509nam a2200169Ia 4500
008 090201s9999 xx 000 0 und d
010 _aKPL-46874
040 _bमराठी
041 _aमराठी
082 _a26677
_b46874
100 _aअ. ल. भागवत
245 _aअमृतवाणी
_cअ. ल. भागवत
260 _c2004
_bश्री गजानन बुक डेपो
300 _a105
_bमोठा
600 _aअमृतवाणी
942 _cBOOK
999 _c225718
_d225718